Manuel élémentaire de droit international public: a l'usage des étudiants en droit et des candidats aux carriéres diplomatique et consulaire

Gorde:
Xehetasun bibliografikoak
Egile nagusia: Foignet, René (Egilea)
Formatua: Liburua
Hizkuntza:frantsesa
Argitaratua: París Librairie Arthur Rousseau 1926
Edizioa:3a. ed
Gaiak:
Etiketak: Etiketa erantsi
Etiketarik gabe, Izan zaitez lehena erregistro honi etiketa jartzen!

MARC

LEADER 00000nam a2200000 a 4500
001 UCT9156
003 CL-VaPUC
008 970404e19260000FR |||||||||||||||||fre|d
082 0 4 |a 341  |b FOI  |2 21 
100 0 |a Foignet, René  |e author  |9 381590 
245 1 0 |a Manuel élémentaire de droit international public: a l'usage des étudiants en droit et des candidats aux carriéres diplomatique et consulaire 
250 |a 3a. ed 
300 |a 706 p 
942 |c BK 
945 |d 19970404 00:00:00  |a cmena 
260 |a París  |b Librairie Arthur Rousseau  |c 1926 
650 7 |a DERECHO INTERNACIONAL PUBLICO  |2 CL-VaPUC  |9 381591 
650 0 |a Derecho público   |9 255910 
650 0 |a Derecho internacional  |9 255637 
650 0 |a Delitos internacionales   |9 255069 
650 0 |a Tratados internacionales   |9 256056 
650 0 |a Guerra  |9 255876 
650 0 |a Conflictos sociales   |9 372024 
583 |a last modification  |c 19970404 00:00:00  |k Rodrigo Vera 
999 |c 257576  |d 257574 
952 |0 0  |1 0  |4 0  |6 341_000000000000000_FOI_1926  |7 0  |8 X  |9 281114  |a BIBDER  |b BIBDER  |d 2019-11-19  |i 1823523  |o 341 FOI 1926  |p 1823523  |r 2023-01-25  |w 2019-11-19  |y BK_X  |k DER